LIBRARY & INFORMATION CENTRE, KCAET, TAVANUR

ONLINE PUBLIC ACCESS CATALOGUE (OPAC)

Evolution of physics: The growth of ideas from early concepts to relativity and quanta / (Record no. 7523)

MARC details
000 -LEADER
fixed length control field 00528cam a2200181ua 4500
020 ## - INTERNATIONAL STANDARD BOOK NUMBER
ISBN 81-85392-12-9
041 ## - LANGUAGE CODE
Language code of text/sound track or separate title eng
082 ## - DEWEY DECIMAL CLASSIFICATION NUMBER
Classification number 530
Item number EIN/EV
100 ## - MAIN ENTRY--AUTHOR NAME
Personal name Einstein, Albert.
245 ## - TITLE STATEMENT
Title Evolution of physics: The growth of ideas from early concepts to relativity and quanta /
260 ## - PUBLICATION, DISTRIBUTION, ETC. (IMPRINT)
Place of publication New Delhi :
Name of publisher University book stall ,
Year of publication 1989.
300 ## - PHYSICAL DESCRIPTION
Number of Pages 302 ; .
700 1# - ADDED ENTRY--PERSONAL NAME
Personal name Infeld, Leopold.
942 ## - ADDED ENTRY ELEMENTS (KOHA)
Koha item type Books
Holdings
Withdrawn status Lost status Damaged status Home library Current library Date acquired Full call number Accession Number Koha item type
      KAUAET KAUAET 07/04/2012 530 EIN/EV 17763 Books
free website counter